Obras completas /
Guardado en:
| Autor Principal: | |
|---|---|
| Otros Autores: | , |
| Formato: | Libro |
| Publicado: |
Buenos Aires :
El Ateneo,
1957
|
| Edición: | 2a. ed. |
| Series: | Clásicos Inolvidables; no. 1
|
| Materias: | |
| Etiquetas: |
Agregar Etiqueta
Sin Etiquetas, Sea el primero en etiquetar este registro!
|
| LEADER | 00784nam a22002295a 4500 | ||
|---|---|---|---|
| 001 | CEM.cems003287 | ||
| 005 | 19000101000000.0 | ||
| 008 | 130507s1957##################000#0#####d | ||
| 003 | CEMS | ||
| 082 | 0 | 4 | |a 883 |
| 100 | 1 | |a Homero | |
| 245 | 1 | 0 | |a Obras completas / |c Homero ; prólogo de Arturo Marasso ; traducido Por Luis Segalá y Stalella |
| 250 | |a 2a. ed. | ||
| 260 | |a Buenos Aires : |b El Ateneo, |c 1957 | ||
| 300 | |a 856 p. | ||
| 490 | 0 | |a Clásicos Inolvidables; no. 1 | |
| 505 | 0 | |a Ilíada -- Odisea -- Himnos o Proemios -- Batracomiomaquia o lucha de las ranas con los ratones -- Epigramas -- Fragmentos | |
| 653 | |a Literatura | ||
| 653 | |a Literatura griega | ||
| 700 | 1 | |a Marasso, Arturo | |
| 700 | 1 | |a Segalá, Luis | |
| 859 | |a CEMS |b BIB. CEMS - 11 de abril |h 883 |i H752a2 |p 3767.75 |t Ej.1 | ||
